000 00331nam a2200133Ia 4500
008 240624s9999 xx 000 0 und d
041 _aeng
082 _a362.103 HEN
100 _aHENDERSON JAMES W
245 _aHEALTH ECONOMICS POLICY
250 _a(3rd ed.)
260 _c2007
_aWestern,2007
300 _axx, : 473 : p. : cm. ; 25
999 _c8641
_d8641